000
00241nam a2200109Ia 4500
005
20251222114410.0
008
251222s1900||||xx |||||||||||||| ||spa||
082
_a
DVD0010/F81/1998
245
0
_a
Ronin
264
_b
United Artists
942
_c
DVD
999
_c
2001
_d
2001